000
00248nam a22000977a 4500
999
_c
11760
_d
11760
008
200114b ||||| |||| 00| 0 eng d
020
_a
0590431196
100
_a
Carle Eric
_9
7445
245
_a
The Very Busy Spider
260
_a
New York
_b
Scholastic
_c
1990